| 000 | 00835nam a22002297a 4500 | ||
|---|---|---|---|
| 999 |
_c17937 _d17937 |
||
| 003 | AR-CdUCM | ||
| 008 | 190510b ||||| |||| 00| 0 spa d | ||
| 040 |
_aMUNICIPALIDAD PROVINCIAL DEL CUSCO _cBIBLIOTECA MUNICIPAL DEL CUSCO |
||
| 082 |
_a540.1 / _bT27 |
||
| 100 |
_aTaylor, F. Sherwood _938206 |
||
| 245 |
_aLos alquimistas : _bFundadores de la química moderna / |
||
| 260 |
_aMéxico : _bFondeo de cultura económica, _c1957. |
||
| 300 |
_a237 páginas ; _c18 cm. |
||
| 440 |
_aLos alquimistas _n130 _938207 |
||
| 505 | _aContenido : Introducción -- Las ideas de los alquimistas -- EL origen de la practica alquimista ... | ||
| 650 |
_aLos alquimistas _938208 |
||
| 650 |
_aQuímica _94512 |
||
| 650 |
_aModerna _919323 |
||
| 700 |
_aGiral, Francisco (Traducción) _938209 |
||
| 942 |
_2ddc _cLIBROS |
||
| 945 |
_arah _d10/05/2019 |
||